000
00330nam a2200133Ia 4500
008
231129s9999||||xx |||||||||||||| ||spa||
020
_a
958-04-1871-3
040
_b
spa
082
_a
Co863 M992un
100
_a
Mutis Alvaro
245
0
_a
Un bel morir
264
_a
Norma
942
_2
ddc
_c
BKS
999
_c
25792
_d
25792